| 000 | 01408cam a2200253 4500 | ||
|---|---|---|---|
| 001 | WB3939-08 | ||
| 008 | 031016n2003 000 0 eng u | ||
| 035 | _a(Sirsi) u123939 | ||
| 245 | _aFarm scale evaluation results | ||
| 260 | _c2003 | ||
| 490 |
_aDEFRA News Release _v(422/03) 16 October 2003 (3) |
||
| 490 |
_aDEFRA News Release _v(423/03) 16 October 2003 (4) |
||
| 490 |
_aDEFRA News Release _v(415/03) 13 October 2003 (2) |
||
| 520 | _aThe results of the farm-scale evaluations of three herbicide-tolerant GM crops - maize, beet and spring oilseed rape - have been published. The government-sponsored trials were carried out over three years to test the impact on farmland wildlife of the herbicide use associated with these crops. The results will now be passed to the Advisory Committee on Releases to the Environment (ACRE), government's statutory advisory body. DEFRA has also announced new, more stringent conditions for future GM crop trials. http://www.defra.gov.uk/news/2003/031016a.htm; http://www.defra.gov.uk/news/2003/031016b.htm; http://www.defra.gov.uk/news/2003/031013a.htm | ||
| 590 | _aWB | ||
| 650 | _aGENETICALLY MODIFIED TRIALS | ||
| 650 | _aGENETICALLY MODIFIED ORGANISMS | ||
| 650 | _aGENETICALLY MODIFIED CROPS | ||
| 650 | _aWILDLIFE | ||
| 650 | _aFARMING | ||
| 650 | _aENVIRONMENTAL IMPACT ASSESSMENTS | ||
| 690 | _aENVIRONMENT-AUDIT/ASSESSMENT | ||
| 942 | _n0 | ||
| 999 |
_c73604 _d73604 |
||